| 000 -LEADER |
| fixed length control field |
01085nam a2200229Ia 4500 |
| 001 - CONTROL NUMBER |
| control field |
2512 |
| 003 - CONTROL NUMBER IDENTIFIER |
| control field |
GE_BSU |
| 008 - FIXED-LENGTH DATA ELEMENTS--GENERAL INFORMATION |
| fixed length control field |
181216s||||||||xx |||||||||||||| ||und|| |
| 020 ## - INTERNATIONAL STANDARD BOOK NUMBER |
| International Standard Book Number |
9789992892527 |
| 040 ## - CATALOGING SOURCE |
| Transcribing agency |
GE_BSU |
| 080 ## - UNIVERSAL DECIMAL CLASSIFICATION NUMBER |
| Universal Decimal Classification number |
1(479.22) |
| 245 ## - TITLE STATEMENT |
| Title |
ფილოსოფია და თანამედროვეობა მიხეილ მახარაძის 60 წლისთავისადმი მიძღვნილი საიუბილეო კრებული. |
| 245 ## - TITLE STATEMENT |
| Remainder of title |
სავლე წერეთლის ფილოსოფიის ინ–ტი ქართული და უცხოეთის ფილოსიფიის ისტორიის განყ–ბა |
| 245 ## - TITLE STATEMENT |
| Statement of responsibility, etc. |
რედ. თენგიზ ირემაძე, კახა ქეცბაია] |
| 260 ## - PUBLICATION, DISTRIBUTION, ETC. |
| Place of publication, distribution, etc. |
თბილისი |
| 260 ## - PUBLICATION, DISTRIBUTION, ETC. |
| Name of publisher, distributor, etc. |
არხე |
| 260 ## - PUBLICATION, DISTRIBUTION, ETC. |
| Date of publication, distribution, etc. |
2007 |
| 300 ## - PHYSICAL DESCRIPTION |
| Extent |
394 გვ. |
| 653 ## - INDEX TERM--UNCONTROLLED |
| Uncontrolled term |
ფილოსოფია და თანამედროვეობა |
| 942 ## - ADDED ENTRY ELEMENTS (KOHA) |
| Koha item type |
წიგნი |